LEADER 01208nam a2200289 4500 001 000000346826 003 CaOOAMICUS 005 20211019102323.0 008 210628s2021 it 000 u ita r 020 $a978-88-17-15784-1 040 $aSeMil$bita 100 1 $aBardazzi, Marco,$d<1967- >.$0(OLS)http://semarc/name/55879 245 10$aHo fatto tutto per essere felice :$bEnzo Piccinini, storia di un insolito chirurgo /$cMarco Bardazzi. 264 1$aMilano :$bBUR,$c2021. 300 $a251 p. ;$c22 cm 490 1 $aBUR. Saggi 541 0 $aOmaggio mons. Mario Delpini (3J II 433) 600 14$aPiccinini, Enzo <1951-1999>.$0(OLS)http://semarc/subject/50593 830 0$aBUR. Saggi.$0(OLS)http://semarc/title/11673 850 $aSeMil 852 $aSeMil$W1$xVenegono$y1$m3J II 433$j227536$B237902$CSeMilBibl$Z2$F237902 $81 941 1 $a7 961 $aOmaggio mons. Mario Delpini 996 $6020$a978-88-17-15784-1$9(OLS)http://semarc/number/293567 996 $6245$aHo fatto tutto per essere felice :$bEnzo Piccinini, storia di un insolito chirurgo$9(OLS)http://semarc/title/436050 996 $6264$aMilano :$bBUR$9(OLS)http://semarc/publisher/31429 LEADER 01131nam a2200265 i 4500 001 000000114137 003 CaOOAMICUS 005 20030410000000.0 008 030410s1982 it u000 u ita u 013 $a86823 040 $aSeMil$bita 245 10$aLorenzo Milani :$bscritti /$ca cura di G. Riccioni ; introduzione di E. Balducci. 260 $a[S.l.] :$bLuciano Manzuoli,$cstampa 1982. 300 $aXIII, 175 p., 24 cm. 500 $aFondo Card. C.M. Martini. 650 4$aMilani, Lorenzo - Opere.$0(OLS)http://semarc/subject/44632 700 1 $aRiccioni, Gianfranco.$0(OLS)http://semarc/name/47739 700 1 $aMilani, Lorenzo,$c.$0(OLS)http://semarc/name/17098 700 1 $aBalducci, Ernesto,$c.$0(OLS)http://semarc/name/2370 850 $aSeMil 852 $aSeMil$W1$xVenegono$y1$m3J V 20$j69729$B69729$CSeMilBibl$Z2$F88502 $81 941 1 $a4 961 $aOmaggio: Martini Card. Carlo Maria 996 $6245$aLorenzo Milani :$bscritti$9(OLS)http://semarc/title/166740 996 $6260$a[S.l.] :$bLuciano Manzuoli$9(OLS)http://semarc/publisher/45371